Central Library OPAC University of Rajshahi

The world economy at the crossroads : (Record no. 1752)

MARC details
000 -LEADER
fixed length control field 00960cam a22002411 4500
001 - CONTROL NUMBER
control field 1752
003 - CONTROL NUMBER IDENTIFIER
rucl marc code BD-RjUL
005 - DATE AND TIME OF LATEST TRANSACTION
control field 20211208233414.0
008 - FIXED-LENGTH DATA ELEMENTS--GENERAL INFORMATION
fixed length control field 131109r19681965enk 000 0 eng d
035 ## - SYSTEM CONTROL NUMBER
System control number (BD-RjUL)1779
040 ## - CATALOGING SOURCE
Original cataloging agency DLC
Transcribing agency DLC
Modifying agency DLC
-- BD-RjUL
Language of cataloging eng
041 ## - LANGUAGE CODE
Language code of text/sound track or separate title eng
082 04 - DEWEY DECIMAL CLASSIFICATION NUMBER
Edition number 19
Classification number 330
Author mark and year JOW
100 1# - MAIN ENTRY--PERSONAL NAME
Personal name Johnson, Harry G.
Fuller form of name (Harry Gordon),
Dates associated with a name 1923-1977.
9 (RLIN) 5795
245 14 - TITLE STATEMENT
Title The world economy at the crossroads :
Remainder of title a survey of current problems of money, trade, and economic development /
Statement of responsibility, etc. by Harry G. Johnson.
260 ## - PUBLICATION, DISTRIBUTION, ETC. (IMPRINT)
Place of publication, distribution, etc. Oxford :
Name of publisher, distributor, etc. Clarendon Press,
Date of publication, distribution, etc. c1965 [Reprinted 1968].
300 ## - PHYSICAL DESCRIPTION
Pagination 106 p. ;
Size 19 cm.
650 #0 - SUBJECT ADDED ENTRY--TOPICAL TERM
Topical term or geographic name as entry element International economic relations.
9 (RLIN) 460
856 ## - ELECTRONIC LOCATION AND ACCESS
Uniform Resource Identifier <a href="http://www.worldcat.org/title/world-economy-at-the-crossroads-a-survey-of-current-problems-of-money-trade-and-economic-development/oclc/1222028&referer=brief_results">http://www.worldcat.org/title/world-economy-at-the-crossroads-a-survey-of-current-problems-of-money-trade-and-economic-development/oclc/1222028&referer=brief_results</a>
942 ## - ADDED ENTRY ELEMENTS (KOHA)
Source of classification or shelving scheme Dewey Decimal Classification
Koha item type Books
Holdings
Lost status Source of classification or shelving scheme Damaged status Not for loan Collection code Permanent Location Current Location Shelving location Date acquired Source of acquisition Cost, normal purchase price Total Checkouts Full call number Date last seen Copy number Koha item type
  Dewey Decimal Classification   Not For Loan Non-fiction Central Library, University of Rajshahi Central Library, University of Rajshahi Reading Room 17/07/1970 Sweets ana Zait. 18.00   330 JOW 1968 09/12/2013 C-1 Books
  Dewey Decimal Classification     Non-fiction Central Library, University of Rajshahi Central Library, University of Rajshahi   17/07/1970 Sweets ana Zait. 18.00   330 JOW 1968 13/06/2016 C-2 Books